000 01221nam a22003014a 4500
001 ebr2003003
003 CaPaEBR
006 m u
007 cr cn|||||||||
008 990930s2000 nyu sb 001 0 eng
010 _z 99049117
040 _aCaPaEBR
_cCaPaEBR
035 _a(OCoLC)50853808
050 1 4 _aHC336.26
_b.L63 2000eb
082 0 4 _a337.47/009/048
_221
100 1 _aLockwood, David,
_d1953-
245 1 4 _aThe destruction of the Soviet Union
_h[electronic resource] :
_ba study in globalization /
_cDavid Lockwood.
260 _aNew York :
_bSt. Martin's Press,
_c2000.
300 _avi, 264 p.
504 _aIncludes bibliographical references (p. 237-260) and index.
533 _aElectronic reproduction.
_bPalo Alto, Calif. :
_cebrary,
_d2013.
_nAvailable via World Wide Web.
_nAccess may be limited to ebrary affiliated libraries.
650 0 _aEconomic history
_y1945-
651 0 _aSoviet Union
_xEconomic policy
_y1986-1991.
651 0 _aCommunist countries
_xEconomic policy.
655 7 _aElectronic books.
_2local
710 2 _aebrary, Inc.
856 4 0 _uhttp://site.ebrary.com/lib/rucke/Doc?id=2003003
_zAn electronic book accessible through the World Wide Web; click to view
999 _c123519
_d123519